| 000 | 00582nam a22001937a 4500 | ||
|---|---|---|---|
| 003 | 0 | ||
| 005 | 20260116150719.0 | ||
| 008 | 260116b xxu||||| |||| 00| 0 eng d | ||
| 020 | _a978-1-84738-592-5 | ||
| 050 |
_aER _bPe426 2011 |
||
| 082 |
_aER _bPe426 2011 |
||
| 100 | _aWalsh, Joanna | ||
| 245 |
_aThe Perfect hug _cJoanna Walsh & Judi Abbot |
||
| 260 |
_aLondon : _bSimon and Schuster, _c2011. |
||
| 300 |
_a24 unnumbered pages : _bcolored illustrations ; _c26 cm. |
||
| 650 |
_aChildren's stories _vPictorial works. |
||
| 650 | _a Children's picture books. | ||
| 942 |
_2ddc _cBK |
||
| 999 |
_c368729 _d368729 |
||